[Event "Titled Tue 1st Jul Late"]
[Site "chess.com INT"]
[Date "2025.07.01"]
[Round "2"]
[White "Manukyan, Sargis A."]
[Black "Shimanov, Aleksandr"]
[Result "1/2-1/2"]
[WhiteTitle "FM"]
[BlackTitle "GM"]
[WhiteElo "2294"]
[BlackElo "2578"]
[WhiteFideId "13303970"]
[BlackFideId "4198603"]
[EventDate "2025.07.01"]

1. d4 d5 2. c4 e6 3. Nc3 Nf6 4. Bg5 Be7 5. cxd5 exd5 6. e3 c6 7. Bd3 Nbd7 8. Qc2
Nh5 9. Bxe7 Qxe7 10. Nf3 g6 11. O-O O-O 12. Rae1 Ndf6 13. Ne5 Ng7 14. a3 c5 15.
e4 dxe4 16. Nxe4 cxd4 17. Ng5 Ne6 18. Nexf7 Rxf7 19. Bc4 Qc7 20. Nxf7 b5 21. Ng5
Qxc4 22. Qxc4 bxc4 23. Nxe6 d3 24. Nc5 Rb8 25. Rc1 Rxb2 26. Rxc4 Bf5 27. Rd4 Rc2
28. Nb3 h5 29. f3 Rc3 30. Nc1 Rxa3 31. Rd1 Ra1 32. h3 g5 33. Kf2 h4 34. Ke1 Kg7
35. Nxd3 Ra2 36. Rd2 Ra3 37. Nf2 Nh5 38. Ne4 Nf4 39. Nxg5 Nd3+ 40. Ke2 Nc1+ 41.
Kf2 Nd3+ 42. Kg1 Ne5 43. Kh2 a5 44. Rd5 Kf6 45. Ne4+ Bxe4 46. fxe4 a4 47. Rf2+
Ke6 48. Rb2 Nc4 49. Rb4 Ne3 50. Rg5 Nf1+ 51. Kg1 Ng3 52. Rb6+ Kf7 53. Kh2 Ra1
54. Rxg3 hxg3+ 55. Kxg3 a3 56. Ra6 a2 57. h4 Kg7 58. e5 Kf7 59. h5 Kg7 60. Ra7+
Kh6 61. e6 Kxh5 62. e7 Re1 63. Rxa2 Rxe7 64. Ra5+ Kg6 65. Kf4 Rf7+ 66. Kg4 Rf6
67. Rg5+ Kh6 68. Rh5+ Kg6 69. g3 Ra6 70. Rg5+ Kf6 71. Rg8 Kf7 72. Rg5 Kf6 73.
Rf5+ Kg6 74. Rf4 Ra5 75. Rb4 Rg5+ 76. Kh3 Rh5+ 77. Kg2 Rc5 78. g4 Rc3 79. Kf2
Kg5 80. Kg2 Ra3 81. Kf2 Rc3 82. Kg2 Ra3 83. Kf2 Rc3 1/2-1/2

[Event "Titled Tue 1st Jul Late"]
[Site "chess.com INT"]
[Date "2025.07.01"]
[Round "2"]
[White "Chekletsov, Ilya"]
[Black "Storey, Charles H"]
[Result "1-0"]
[WhiteTitle "IM"]
[BlackTitle "FM"]
[WhiteElo "2338"]
[BlackElo "2102"]
[WhiteFideId "24177156"]
[BlackFideId "406686"]
[EventDate "2025.07.01"]

1. d4 g6 2. c4 Bg7 3. Nc3 c5 4. d5 d6 5. e4 Nf6 6. f4 O-O 7. Be2 e6 8. Nf3 exd5
9. cxd5 Bg4 10. O-O Nbd7 11. a4 Re8 12. h3 Bxf3 13. Bxf3 c4 14. Be3 a6 15. g4
Re7 16. g5 Ne8 17. h4 Rc8 18. h5 Nc5 19. Rf2 Bxc3 20. bxc3 Nxe4 21. Bxe4 Rxe4
22. Bd4 Rc7 23. Bb6 Qe7 24. Bxc7 Nxc7 25. a5 Nb5 26. Rf3 Qd7 27. Rg3 Rxf4 28.
Qd2 Rg4 29. Qg2 gxh5 30. Re1 Nxc3 31. Rxg4 Qxg4 32. Re8+ Kg7 33. Qxg4 hxg4 34.
Rc8 Nxd5 35. Rxc4 Ne7 36. Rc7 Nc6 37. Rxb7 Nxa5 38. Rb4 Nc6 39. Rxg4 Kg6 40. Kf2
Ne5 41. Rd4 Kxg5 42. Rxd6 h5 43. Rxa6 h4 44. Ra5 f6 45. Kg2 Kg4 46. Ra4+ Kg5 47.
Rd4 Ng6 48. Kf3 Ne5+ 49. Kf2 Ng6 50. Re4 Ne5 51. Kg2 Ng6 52. Kh3 Ne5 53. Rxh4
Ng6 54. Rg4+ Kf5 55. Ra4 Ne5 56. Kg3 Kg5 57. Rf4 f5 58. Rh4 Ng6 59. Rh7 Ne5 60.
Rg7+ Ng6 61. Rg8 Kf6 62. Kf3 Kg5 63. Ra8 Kf6 64. Ra1 Kg5 65. Rg1+ Kf6 66. Ke3
Ne5 67. Rg8 Ng6 68. Kd4 Kg5 69. Rg7 Kf6 70. Ra7 Kg5 71. Ra6 Nf4 72. Ke5 Nd3+ 73.
Kd5 Kg4 74. Kd4 Nf4 75. Ra8 Ne6+ 76. Ke5 Ng5 77. Rf8 Nf3+ 78. Kd5 1-0

[Event "Titled Tue 1st Jul Late"]
[Site "chess.com INT"]
[Date "2025.07.01"]
[Round "2"]
[White "Assaad, Joe"]
[Black "Aalto, Patrik"]
[Result "1/2-1/2"]
[WhiteTitle "CM"]
[BlackTitle "FM"]
[WhiteElo "2170"]
[BlackElo "2316"]
[WhiteFideId "5310504"]
[BlackFideId "510726"]
[EventDate "2025.07.01"]

1. e4 c5 2. a3 e6 3. b4 b6 4. Nf3 Bb7 5. bxc5 Bxe4 6. Nc3 Bb7 7. cxb6 axb6 8.
Bd3 Nf6 9. O-O Be7 10. Re1 O-O 11. Bb2 d5 12. Ne2 Nc6 13. Ng3 h6 14. Qe2 Bd6 15.
c4 dxc4 16. Bxc4 Na5 17. Ba2 Ba6 18. Qe3 Nc4 19. Bxc4 Bxc4 20. Rec1 Bd5 21. Ne5
Bc5 22. Qf4 Rc8 23. Ng4 Nxg4 24. Qxg4 f6 25. Nh5 Qe7 26. Rc3 f5 27. Qe2 g6 28.
Rg3 Kh7 29. Qe5 Bd6 30. Nf6+ Rxf6 31. Qxf6 Qxf6 32. Bxf6 Bxg3 33. hxg3 Kg8 34.
a4 Bb3 35. Ra3 Bc2 36. Ra2 Rc4 37. Bd8 Bxa4 38. Bxb6 Kf7 39. Ba5 Bb5 40. Bc3 Rc7
41. Be5 Rd7 42. f4 Bc4 43. Ra8 Rb7 44. Kf2 Rb1 45. Ra7+ Ke8 46. Rg7 g5 47. fxg5
hxg5 48. Rxg5 Kd7 49. g4 fxg4 50. Rxg4 Bd5 51. Rg7+ Kc6 52. g4 Rd1 53. Bc3 Rh1
54. g5 Rh2+ 55. Ke3 Rg2 56. Kf4 Bb3 57. Ke5 Bc2 58. Kf6 Bf5 59. Rg8 Kd5 60. g6
Ke4 61. g7 Rg1 62. Rh8 Rg6+ 63. Kf7 e5 64. g8=Q Rxg8 65. Kxg8 Kd3 66. Bxe5 Kxd2
67. Kg7 Bd3 68. Kf6 Kc2 69. Rd8 Bc4 70. Kf5 Kb3 71. Ke4 Kc2 72. Kd4 Be2 73. Ke3
Bc4 74. Rb8 Bb3 75. Rb4 Ba2 76. Rb2+ Kc1 77. Rxa2 Kb1 78. Kd3 Kxa2 1/2-1/2

[Event "Titled Tue 1st Jul Late"]
[Site "chess.com INT"]
[Date "2025.07.01"]
[Round "2"]
[White "Arslanov, Shamil"]
[Black "Bok, Benjamin"]
[Result "1/2-1/2"]
[WhiteTitle "IM"]
[BlackTitle "GM"]
[WhiteElo "2410"]
[BlackElo "2582"]
[WhiteFideId "4192826"]
[BlackFideId "1017063"]
[EventDate "2025.07.01"]

1. d4 Nf6 2. f3 d5 3. e4 dxe4 4. Nc3 Bf5 5. fxe4 Nxe4 6. Qf3 Nxc3 7. bxc3 Qc8 8.
Bd3 Bxd3 9. cxd3 e6 10. Nh3 Be7 11. O-O O-O 12. Nf4 Nd7 13. Nh5 Nf6 14. Nxg7
Kxg7 15. Bg5 Qd8 16. Qg3 Kh8 17. Qe5 Rg8 18. Bxf6+ Bxf6 19. Rxf6 Qd6 20. Rxe6+
Qxe5 21. Rxe5 Rae8 22. Rae1 Rxe5 23. Rxe5 Rg6 24. Re7 Rc6 25. c4 Kg7 26. Kf2 Kf8
27. Re2 Ra6 28. d5 Ra3 29. Ke3 Ke7 30. Kd4+ Kd6 31. Rf2 Ke7 32. g4 a6 33. Rb2 b5
34. Re2+ Kd6 35. c5+ Kd7 36. Ke5 Rxd3 37. Rf2 Ke7 38. h4 Re3+ 39. Kd4 Re1 40.
Rf5 Rd1+ 41. Ke4 Re1+ 42. Kd3 Rd1+ 43. Kc2 Rg1 44. Rg5 Rg2+ 45. Kb3 h6 46. Rg8
Rg3+ 47. Kb4 Rd3 48. Rh8 Rd4+ 49. Kb3 Rxg4 50. Rxh6 Rd4 51. Rxa6 Rxd5 52. Kb4
Kd7 53. Rh6 c6 54. h5 Kc7 55. Rf6 Rd4+ 56. Kb3 Kb7 57. Rxf7+ Ka6 58. h6 Rh4 59.
h7 b4 60. Ka4 b3+ 61. Kxb3 Kb5 62. Kc3 Kxc5 63. a4 Rh3+ 64. Kd2 Kb4 65. Rf4+ Ka5
66. Rf7 Kxa4 67. Ke2 c5 68. Kf2 c4 69. Kg2 Rh6 70. Kg3 c3 71. Kg4 c2 72. Rc7 Kb3
73. Rb7+ Kc3 74. Rc7+ Kd2 75. Rd7+ Ke1 76. Re7+ Kd1 77. Rd7+ Ke2 78. Re7+ Kd3
79. Rd7+ Ke3 80. Re7+ Kd2 81. Rd7+ Kc1 82. Kg5 Rh3 83. Rc7 Kd2 84. Rxc2+ Kxc2
85. Kg6 Kd3 86. Kg7 Kd4 87. h8=Q Rxh8 88. Kxh8 1/2-1/2

[Event "Titled Tue 1st Jul Late"]
[Site "chess.com INT"]
[Date "2025.07.01"]
[Round "2"]
[White "Hernandez Bermudez, Ulises Eduardo"]
[Black "Evdokimov, Alexey"]
[Result "1-0"]
[BlackTitle "FM"]
[WhiteElo "2042"]
[BlackElo "2205"]
[WhiteFideId "3902510"]
[BlackFideId "24162450"]
[EventDate "2025.07.01"]

1. e4 c5 2. c3 d5 3. exd5 Qxd5 4. d4 Nc6 5. Nf3 Nf6 6. Be3 Bg4 7. Be2 e6 8. Na3
cxd4 9. Nb5 Qd8 10. Nbxd4 Nxd4 11. Nxd4 Bxe2 12. Qxe2 Be7 13. Qb5+ Qd7 14. Qxd7+
Kxd7 15. O-O-O Nd5 16. Kb1 Nxe3 17. fxe3 Bc5 18. Nf5+ Kc7 19. Nd4 Bxd4 20. Rxd4
Rad8 21. Rf1 Rxd4 22. cxd4 f6 23. Kc2 Kd6 24. Kd3 Rc8 25. Rf2 e5 26. h4 Rc1 27.
Rd2 exd4 28. Kxd4 Ke6 29. Ke4 Rc4+ 30. Rd4 Rc2 31. Rb4 b6 32. Kf3 Rc5 33. g4 h5
34. Re4+ Kf7 35. Ra4 hxg4+ 36. Kxg4 a5 37. Kg3 Ke6 38. Re4+ Kf7 39. b4 Rc3 40.
bxa5 bxa5 41. a4 Rb3 42. Kf3 Kg6 43. Rg4+ Kh6 44. Ke2 g5 45. hxg5+ fxg5 46. Rd4
Ra3 47. Kf3 Kh5 48. Re4 Ra2 49. Rc4 Ra1 50. e4 g4+ 51. Kf2 Kh4 52. e5 Ra2+ 53.
Ke3 Kh3 54. e6 g3 55. e7 g2 56. Rc1 Rc2 57. Re1 Rc8 58. Kf2 Re8 59. Re4 g1=Q+
60. Kxg1 Kg3 61. Kf1 Kf3 62. Re6 Kf4 63. Ke2 Kf5 64. Re3 Kf4 65. Kd3 Kf5 66. Kd4
Kf4 67. Re1 Kf5 68. Kd5 Kf6 69. Kd6 Ra8 70. e8=Q Rxe8 71. Rxe8 Kf7 72. Ra8 Kf6
73. Rxa5 Kf7 74. Kc6 Ke7 75. Rd5 Ke6 76. a5 Ke7 77. a6 Ke6 78. a7 Ke7 79. a8=Q
Ke6 80. Qe8+ Kf6 81. Qe5+ Kf7 82. Rd7+ Kf8 83. Qf6+ Ke8 84. Qf7# 1-0

[Event "Titled Tue 1st Jul Late"]
[Site "chess.com INT"]
[Date "2025.07.01"]
[Round "2"]
[White "Terkiewicz, Bruno"]
[Black "Gimeno Martos, Roberto"]
[Result "0-1"]
[WhiteTitle "CM"]
[BlackTitle "CM"]
[WhiteElo "2183"]
[BlackElo "2090"]
[WhiteFideId "21093245"]
[BlackFideId "2226804"]
[EventDate "2025.07.01"]

1. e4 g6 2. d4 Bg7 3. h4 h5 4. Nc3 d6 5. Be3 Nf6 6. f3 Nc6 7. Qd2 e5 8. d5 Ne7
9. O-O-O Bd7 10. Nh3 a6 11. Nf2 b5 12. Be2 b4 13. Nb1 a5 14. g4 a4 15. g5 Nh7
16. Qxb4 O-O 17. Qa3 Nc8 18. Nc3 Nb6 19. Kb1 Rb8 20. Bxb6 Rxb6 21. Nxa4 Rb8 22.
Nc3 Qe7 23. Qa7 Rfc8 24. Nd3 Be8 25. Nc1 Ra8 26. Qe3 Nf8 27. Nb3 Ba4 28. Nxa4
Rxa4 29. Bb5 Raa8 30. Bc6 Rab8 31. Rd3 Nd7 32. Bxd7 Qxd7 33. Rc3 Bf8 34. Rc6 Be7
35. a4 Ra8 36. a5 Rcb8 37. a6 Qc8 38. Qd3 Rb6 39. Rxb6 cxb6 40. Qb5 Rxa6 41. Rd1
Bd8 42. Rd3 Ra8 43. Qe8+ Kg7 44. Qc6 Qa6 45. Qxd6 Qa2+ 46. Kc1 Qa6 47. Qxe5+ Kh7
48. Qf4 Ra7 49. d6 Rd7 50. e5 b5 51. Kd1 Qc6 52. Ke2 Qd5 53. Nd2 Qe6 54. Qe4 Bb6
55. f4 Qg4+ 56. Qf3 Qg1 57. Nf1 b4 58. Qc6 Qf2+ 59. Kd1 Qxf1+ 60. Kd2 Qf2+ 61.
Kc1 Qe1+ 62. Rd1 Be3+ 63. Kb1 Qxd1+ 64. Ka2 Ra7+ 65. Kb3 Qe2 66. d7 Qd2 67. f5
Qxd7 68. fxg6+ fxg6 69. Qc4 Bf4 70. e6 Qd6 71. e7 Rxe7 72. c3 bxc3 73. bxc3 Rc7
74. Qe4 Qb6+ 75. Kc2 Rd7 76. Qxf4 Qd6 77. Qe4 Qd1+ 78. Kb2 Qd2+ 79. Ka3 Ra7+ 80.
Kb4 Qb2+ 81. Kc5 Ra5+ 82. Kd6 Qb6+ 83. Qc6 Ra6 84. Qxb6 Rxb6+ 85. Kc5 Rb1 86. c4
Rh1 87. Kd6 Rxh4 88. c5 Rc4 89. Kd5 h4 90. Kxc4 h3 91. c6 h2 92. c7 h1=Q 93.
c8=Q Qc1+ 94. Kd4 Qxc8 95. Ke5 Qf5+ 0-1

[Event "Titled Tue 1st Jul Late"]
[Site "chess.com INT"]
[Date "2025.07.01"]
[Round "3"]
[White "Tatarinov, Dmitry"]
[Black "Silvestre, Christian"]
[Result "1-0"]
[WhiteTitle "FM"]
[WhiteElo "2318"]
[BlackElo "1992"]
[WhiteFideId "24160067"]
[BlackFideId "30956269"]
[EventDate "2025.07.01"]

1. e4 c5 2. Nf3 d6 3. d4 cxd4 4. Nxd4 Nf6 5. Nc3 a6 6. Be3 Qc7 7. Nd5 Nxd5 8.
exd5 Qa5+ 9. Qd2 Qxd5 10. O-O-O e5 11. Nb3 Qxd2+ 12. Rxd2 Be6 13. Na5 b5 14. Be2
Nd7 15. Bf3 d5 16. Bxd5 Bxd5 17. Rxd5 Bb4 18. Nc6 1-0

[Event "Titled Tue 1st Jul Late"]
[Site "chess.com INT"]
[Date "2025.07.01"]
[Round "3"]
[White "Mesquita, Eduardo Barbosa"]
[Black "Li, Xueyi"]
[Result "1-0"]
[BlackTitle "WGM"]
[WhiteElo "2014"]
[BlackElo "2220"]
[WhiteFideId "22757163"]
[BlackFideId "8605912"]
[EventDate "2025.07.01"]

1. Nf3 Nf6 2. d4 d5 3. c4 c6 4. Nc3 Bg4 5. Ne5 Bh5 6. cxd5 cxd5 7. Qb3 Qb6 8. e4
Qxb3 9. axb3 dxe4 10. Bb5+ Nbd7 11. Bg5 a6 12. Bxf6 axb5 13. Rxa8+ Nb8 14. Rxb8# 1-0

[Event "Titled Tue 1st Jul Late"]
[Site "chess.com INT"]
[Date "2025.07.01"]
[Round "3"]
[White "Mai, Alexander Oliver"]
[Black "Amdouni, Zoubaier"]
[Result "0-1"]
[WhiteTitle "CM"]
[BlackTitle "FM"]
[WhiteElo "2171"]
[BlackElo "2186"]
[WhiteFideId "2313391"]
[BlackFideId "5500419"]
[EventDate "2025.07.01"]

1. e4 c6 2. Nc3 d5 3. Nf3 dxe4 4. Nxe4 Bg4 5. h3 Bxf3 6. Qxf3 Nd7 7. d4 Ngf6 8.
Nxf6+ Nxf6 9. c3 e6 10. Bd3 Be7 11. O-O O-O 12. Re1 Qd5 13. Qe2 c5 14. dxc5 Bxc5
15. Be3 Bxe3 16. Qxe3 Rfd8 17. Bf1 Qd2 18. Rab1 Qxe3 19. Rxe3 Rd2 20. c4 Rad8
21. b4 Rxa2 22. Rc3 Rxf2 0-1

[Event "Titled Tue 1st Jul Late"]
[Site "chess.com INT"]
[Date "2025.07.01"]
[Round "3"]
[White "Eswaran, Ashritha"]
[Black "Dilmukhametov, Artur"]
[Result "1-0"]
[WhiteTitle "FM"]
[BlackTitle "FM"]
[WhiteElo "2236"]
[BlackElo "2276"]
[WhiteFideId "2080788"]
[BlackFideId "24179922"]
[EventDate "2025.07.01"]

1. e4 d5 2. exd5 Qxd5 3. Nc3 Qe5+ 4. Be2 Bg4 5. d4 Bxe2 6. Ngxe2 Qa5 7. O-O c6
8. Bf4 Nf6 9. a3 e6 10. b4 Qd8 11. Qd3 Bd6 12. Bxd6 Qxd6 13. Ne4 Nxe4 14. Qxe4
Nd7 15. c4 Nf6 16. Qh4 O-O 17. Rad1 Rfd8 18. Nc3 a5 19. Rd3 axb4 20. axb4 Qxb4
21. Rg3 Kh8 22. Qg5 Rg8 23. Rh3 Qxc4 24. Ne4 Nxe4 25. Rxh7+ Kxh7 26. Qh5# 1-0

[Event "Titled Tue 1st Jul Late"]
[Site "chess.com INT"]
[Date "2025.07.01"]
[Round "3"]
[White "Cruz Mendez, Jean Marco"]
[Black "Pakleza, Zbigniew"]
[Result "0-1"]
[WhiteTitle "FM"]
[BlackTitle "GM"]
[WhiteElo "2222"]
[BlackElo "2484"]
[WhiteFideId "3526402"]
[BlackFideId "1119290"]
[EventDate "2025.07.01"]

1. e4 d6 2. d4 Nf6 3. Nc3 c6 4. f4 Qb6 5. Nf3 Bg4 6. Be2 Bxf3 7. Bxf3 e5 8. dxe5
dxe5 9. fxe5 Nfd7 10. e6 fxe6 11. Bg4 Na6 12. Bxe6 O-O-O 13. Qe2 Bc5 14. Rf1
Rhe8 15. Bf5 g6 16. Bh3 Bd4 17. Rf3 Nc5 18. Be3 Qxb2 19. Bxd4 Qxa1+ 20. Kf2
Nxe4+ 21. Nxe4 Qxd4+ 22. Re3 Rxe4 0-1

[Event "Titled Tue 1st Jul Late"]
[Site "chess.com INT"]
[Date "2025.07.01"]
[Round "3"]
[White "Watanabe, Akira"]
[Black "Bagrationi, Alexander"]
[Result "0-1"]
[WhiteTitle "FM"]
[BlackTitle "GM"]
[WhiteElo "2284"]
[BlackElo "2406"]
[WhiteFideId "7000227"]
[BlackFideId "14104954"]
[EventDate "2025.07.01"]

1. d4 c5 2. d5 g6 3. Nf3 Bg7 4. e4 d6 5. c4 Nf6 6. Nc3 O-O 7. Be2 a6 8. a4 b6 9.
O-O e6 10. Nd2 exd5 11. cxd5 Ra7 12. Qc2 Re8 13. Nc4 Rae7 14. f3 Nh5 15. g4 Bd4+
16. Kh1 Re5 17. gxh5 Rxh5 18. f4 Rxh2+ 19. Kxh2 Qh4+ 20. Kg2 Qh3# 0-1

[Event "Titled Tue 1st Jul Late"]
[Site "chess.com INT"]
[Date "2025.07.01"]
[Round "3"]
[White "Puzyrevsky, Semyon"]
[Black "Karas, Eugenia"]
[Result "1-0"]
[WhiteTitle "FM"]
[BlackTitle "WFM"]
[WhiteElo "2292"]
[BlackElo "2124"]
[WhiteFideId "24240931"]
[BlackFideId "463485"]
[EventDate "2025.07.01"]

1. e4 c5 2. Nf3 d6 3. d4 cxd4 4. Nxd4 Nf6 5. Nc3 a6 6. f3 h5 7. Be3 e5 8. Nb3
Be6 9. Qd2 Nbd7 10. O-O-O Be7 11. Kb1 Qc7 12. h3 Rc8 13. Bd3 b5 14. g4 hxg4 15.
hxg4 Rg8 16. g5 b4 17. Ne2 Bxb3 18. axb3 a5 19. gxf6 Nxf6 20. Bb5+ Nd7 21. Rc1
Rb8 22. Ba4 Kf8 23. c3 Nc5 24. cxb4 axb4 25. Bxc5 dxc5 26. Rhd1 Rd8 27. Qe3 Ra8
28. Rd7 Qc8 29. Rcd1 1-0

[Event "Titled Tue 1st Jul Late"]
[Site "chess.com INT"]
[Date "2025.07.01"]
[Round "3"]
[White "Terletsky, Oleg"]
[Black "Danzer, George"]
[Result "1-0"]
[WhiteTitle "IM"]
[BlackTitle "CM"]
[WhiteElo "2160"]
[BlackElo "2172"]
[WhiteFideId "14116774"]
[BlackFideId "4659465"]
[EventDate "2025.07.01"]

1. e4 c5 2. Nf3 d6 3. d4 cxd4 4. Nxd4 Nf6 5. Nc3 a6 6. Bc4 e6 7. O-O Be7 8. f4
Qc7 9. Bb3 O-O 10. f5 e5 11. Nde2 b5 12. Ng3 Bb7 13. Bg5 b4 14. Bxf6 Bxf6 15.
Nd5 Bxd5 16. Bxd5 Nc6 17. Nh5 Bg5 18. Qg4 Be3+ 19. Kh1 Kh8 20. Qxg7# 1-0

[Event "Titled Tue 1st Jul Late"]
[Site "chess.com INT"]
[Date "2025.07.01"]
[Round "3"]
[White "Firouzja, Alireza"]
[Black "Vila Dupla, Aurelio"]
[Result "1-0"]
[WhiteTitle "GM"]
[BlackTitle "FM"]
[WhiteElo "2766"]
[BlackElo "2056"]
[WhiteFideId "12573981"]
[BlackFideId "2203383"]
[EventDate "2025.07.01"]

1. e4 c5 2. Nf3 d6 3. d4 cxd4 4. Nxd4 Nf6 5. Nc3 g6 6. f3 Bg7 7. Be3 O-O 8. Bd2
Nxe4 9. Nxe4 Bxd4 10. Bh6 Bg7 11. Bxg7 Kxg7 12. Qd4+ Kg8 13. O-O-O Qb6 14. Qd2
Bf5 15. Ng3 Qc5 16. h4 Rc8 17. Nxf5 Qxf5 18. Bd3 Qf6 19. h5 Nd7 20. hxg6 fxg6
21. Rh6 Nf8 22. Rdh1 Rc5 23. f4 Rd5 24. Bc4 1-0

[Event "Titled Tue 1st Jul Late"]
[Site "chess.com INT"]
[Date "2025.07.01"]
[Round "3"]
[White "Bortnyk, Olexandr"]
[Black "Gelman, Alexander"]
[Result "1-0"]
[WhiteTitle "GM"]
[BlackTitle "IM"]
[WhiteElo "2601"]
[BlackElo "2403"]
[WhiteFideId "14120828"]
[BlackFideId "4118316"]
[EventDate "2025.07.01"]

1. d4 Nf6 2. Nc3 d5 3. Bf4 a6 4. e3 b5 5. a3 Bb7 6. Nf3 e6 7. b4 Bd6 8. Ne5 Nbd7
9. Bd3 Qe7 10. Qf3 Nb6 11. O-O O-O 12. Qh3 Nc4 13. Bg5 h6 14. Ng4 Rfd8 15. Bxf6
gxf6 16. Qxh6 1-0

[Event "Titled Tue 1st Jul Late"]
[Site "chess.com INT"]
[Date "2025.07.01"]
[Round "3"]
[White "Mecit, Emre"]
[Black "Bucci, Andrea"]
[Result "1-0"]
[WhiteElo "2007"]
[BlackElo "1526"]
[WhiteFideId "6304214"]
[BlackFideId "28546890"]
[EventDate "2025.07.01"]

1. d4 Nf6 2. Nf3 g6 3. g3 Bg7 4. Bg2 O-O 5. O-O d6 6. c4 c6 7. Nc3 Bf5 8. Re1
Nbd7 9. e4 Bg4 10. h3 Bxf3 11. Qxf3 e5 12. d5 a6 13. Bg5 h6 14. Be3 c5 15. a4
Ne8 16. Qe2 Nc7 17. f4 f5 18. exf5 Rxf5 19. g4 Rf8 20. Rf1 exf4 21. Bxf4 Ne5 22.
Rae1 Qe7 23. Qc2 g5 24. Bg3 Rxf1+ 25. Rxf1 Nxc4 26. Qg6 Qe3+ 27. Kh2 Qe7 28. Be4 1-0

[Event "Titled Tue 1st Jul Late"]
[Site "chess.com INT"]
[Date "2025.07.01"]
[Round "3"]
[White "Shimanov, Aleksandr"]
[Black "Deng, Henry"]
[Result "1-0"]
[WhiteTitle "GM"]
[BlackTitle "FM"]
[WhiteElo "2578"]
[BlackElo "2327"]
[WhiteFideId "4198603"]
[BlackFideId "30965454"]
[EventDate "2025.07.01"]

1. c4 Nf6 2. Nc3 c6 3. d4 d5 4. cxd5 cxd5 5. Bf4 Nc6 6. Nf3 a6 7. Ne5 Bd7 8. e3
e6 9. Bd3 Be7 10. O-O O-O 11. Qf3 Rc8 12. Qh3 g6 13. Bh6 Re8 14. f4 Nb4 15. Bb1
Bb5 16. Rf2 Qa5 17. g4 Bc6 18. f5 exf5 19. gxf5 Qc7 20. fxg6 hxg6 21. Nxf7 Kxf7
22. Bxg6+ Kxg6 23. Rg2+ Kf7 24. Rg7+ Kf8 25. Qe6 Qxh2+ 26. Kxh2 Bd6+ 27. Qxd6+ 1-0

[Event "Titled Tue 1st Jul Late"]
[Site "chess.com INT"]
[Date "2025.07.01"]
[Round "3"]
[White "Sowinski, Pawel"]
[Black "Niemann, Hans Moke"]
[Result "0-1"]
[WhiteTitle "IM"]
[BlackTitle "GM"]
[WhiteElo "2451"]
[BlackElo "2736"]
[WhiteFideId "21881979"]
[BlackFideId "2093596"]
[EventDate "2025.07.01"]

1. Nf3 d5 2. g3 Nc6 3. d4 Bf5 4. Nbd2 Nf6 5. c3 h6 6. Bg2 e6 7. O-O Be7 8. Re1
O-O 9. a4 a5 10. b3 Ne4 11. Bb2 Bf6 12. e3 Re8 13. Rc1 e5 14. Nxe5 Bxe5 15. dxe5
Nxe5 16. Nf3 Bg4 17. h3 Bxf3 18. Bxf3 Qf6 0-1

[Event "Titled Tue 1st Jul Late"]
[Site "chess.com INT"]
[Date "2025.07.01"]
[Round "3"]
[White "Radionov, Timur"]
[Black "Rozman, Levy"]
[Result "0-1"]
[WhiteTitle "FM"]
[BlackTitle "IM"]
[WhiteElo "2200"]
[BlackElo "2324"]
[WhiteFideId "34178772"]
[BlackFideId "2039877"]
[EventDate "2025.07.01"]

1. e4 d5 2. exd5 Qxd5 3. Nc3 Qa5 4. d4 Nf6 5. Nf3 Bf5 6. Bc4 e6 7. Bd2 Bb4 8.
O-O Nc6 9. a3 Bxc3 10. Bxc3 Qb6 11. d5 O-O-O 12. Bd4 Nxd4 13. Qxd4 Nxd5 14. Qxg7
Rhg8 15. Qd4 Bh3 16. Qxb6 Bxg2 17. Ng5 Nxb6 18. Kxg2 Rxg5+ 0-1

[Event "Titled Tue 1st Jul Late"]
[Site "chess.com INT"]
[Date "2025.07.01"]
[Round "3"]
[White "Brancaleoni, Maurizio"]
[Black "Kislinsky, Alexey"]
[Result "0-1"]
[WhiteTitle "FM"]
[BlackTitle "GM"]
[WhiteElo "2185"]
[BlackElo "2341"]
[WhiteFideId "803022"]
[BlackFideId "14108801"]
[EventDate "2025.07.01"]

1. Nf3 d5 2. d4 Nf6 3. c4 dxc4 4. e3 e6 5. Bxc4 a6 6. O-O b5 7. Be2 Bb7 8. a4 b4
9. b3 Nbd7 10. Bb2 c5 11. Nbd2 Be7 12. Nc4 O-O 13. Rc1 cxd4 14. Bxd4 Nd5 15.
Nfe5 Nc5 16. Bf3 Rc8 17. a5 Bf6 18. Bxc5 Rxc5 19. Nd3 Nc3 20. Rxc3 Bxf3 21. gxf3
Rg5+ 22. Kh1 bxc3 23. f4 Qd5+ 24. f3 Rh5 25. Qc2 Rd8 26. Nde5 Bxe5 27. Nxe5 Qd2
28. Rf2 Qe1+ 29. Kg2 Rd1 0-1

[Event "Titled Tue 1st Jul Late"]
[Site "chess.com INT"]
[Date "2025.07.01"]
[Round "3"]
[White "Motola, Jacopo"]
[Black "Zepeda Berlanga, Jan Enrique"]
[Result "1-0"]
[WhiteTitle "FM"]
[BlackTitle "CM"]
[WhiteElo "2330"]
[BlackElo "1984"]
[WhiteFideId "863190"]
[BlackFideId "5132355"]
[EventDate "2025.07.01"]

1. e4 e5 2. Nf3 Nc6 3. Bb5 a6 4. Ba4 d6 5. O-O Bg4 6. h3 h5 7. d3 Qf6 8. Nbd2 g5
9. Nc4 Ne7 10. Bxg5 Qg6 11. Bxe7 Bxe7 12. Bxc6+ bxc6 13. Kh1 Kd7 14. Ncxe5+ dxe5
15. Nxe5+ Ke6 16. Nxg6 Bxd1 17. Nxe7 Bg4 18. Nxc6 Kd6 19. Nd4 c5 20. Nf3 Bxf3
21. gxf3 Ke5 22. Rg1 Rhg8 23. Rxg8 Rxg8 24. Rg1 Rxg1+ 25. Kxg1 Kf4 26. Kg2 h4
27. c3 1-0

[Event "Titled Tue 1st Jul Late"]
[Site "chess.com INT"]
[Date "2025.07.01"]
[Round "3"]
[White "Schracke, Guido"]
[Black "Mizzi, Jack"]
[Result "0-1"]
[WhiteTitle "CM"]
[BlackTitle "CM"]
[WhiteElo "2138"]
[BlackElo "2107"]
[WhiteFideId "4637054"]
[BlackFideId "5602521"]
[EventDate "2025.07.01"]

1. e4 c6 2. Bc4 d5 3. Bb3 dxe4 4. Qh5 g6 5. Qh4 Nf6 6. f3 exf3 7. Nxf3 Bg7 8.
O-O O-O 9. d4 Nbd7 10. Nbd2 c5 11. c3 cxd4 12. cxd4 a5 13. a4 Qb6 14. Ra3 e5 15.
Nc4 Qa7 16. Ncxe5 Nxe5 17. Nxe5 Be6 18. Bxe6 fxe6 19. Rh3 Nh5 20. Rhf3 Rxf3 21.
Nxf3 Rf8 22. Kh1 Qa6 23. Re1 Qd3 24. Qe7 Rxf3 25. gxf3 Qxf3+ 26. Kg1 Bxd4+ 27.
Be3 Bxe3+ 28. Rxe3 Qxe3+ 29. Kf1 Qf3+ 30. Ke1 Qe4+ 31. Kf1 Qf4+ 32. Ke1 Qb4+ 0-1

[Event "Titled Tue 1st Jul Late"]
[Site "chess.com INT"]
[Date "2025.07.01"]
[Round "3"]
[White "Li, Ben"]
[Black "Gattani, Sarthak"]
[Result "1-0"]
[WhiteTitle "IM"]
[WhiteElo "2356"]
[BlackElo "1944"]
[WhiteFideId "2089980"]
[BlackFideId "30995965"]
[EventDate "2025.07.01"]

1. d4 d5 2. Nf3 Nf6 3. c4 e6 4. Nc3 Be7 5. Bf4 O-O 6. a3 a6 7. e3 dxc4 8. Bxc4
b5 9. Bd3 Bb7 10. b4 Nbd7 11. O-O c6 12. e4 a5 13. Rb1 axb4 14. axb4 Nb6 15. Qc2
h6 16. Rfd1 Na4 17. Ne2 Qb6 18. Qc1 Qd8 19. Rb3 Re8 20. Ne5 Rc8 21. Bb1 Bf8 22.
Bxh6 gxh6 23. Rg3+ Kh7 24. Nxf7 Qe7 25. e5+ 1-0